Планирование и автоматизация эксперимента в научных исследованиях: тезисы докладов IX Всесоюзной конференции, 25-27 сентября 1989 г., г. Москва

מידע ביבליוגרפי
מחבר תאגידי: Московский энергетический институт (МЭИ)
מחברים אחרים: Кулахметов М. Ш. (редактор)
שפה:רוסית
יצא לאור: Москва, Изд-во МЭИ, 1989-
פורמט: MixedMaterials ספר
KOHA link:https://koha.lib.tpu.ru/cgi-bin/koha/opac-detail.pl?biblionumber=261588

MARC

LEADER 00000nam1a2200000 4500
001 261588
005 20231031221657.0
035 |a (RuTPU)RU\TPU\book\284569 
090 |a 261588 
100 |a 20140526d1989 k y0rusy50 ca 
101 0 |a rus 
102 |a RU 
200 0 |a Планирование и автоматизация эксперимента в научных исследованиях  |e тезисы докладов IX Всесоюзной конференции, 25-27 сентября 1989 г., г. Москва  |f Московский энергетический институт ; под ред. М. Ш. Кулахметова 
210 |a Москва  |c Изд-во МЭИ  |d 1989- 
702 1 |a Кулахметов  |b М. Ш.  |4 340 
712 0 2 |a Московский энергетический институт (МЭИ)  |c (1930-1992)  |2 stltpush  |3 (RuTPU)RU\TPU\col\20092 
801 1 |a RU  |b 63413507  |c 20140526 
801 2 |a RU  |b 63413507  |c 20150120  |g RCR 
942 |c BK